| 000 | 00718cam a2200217 a 4500 | ||
|---|---|---|---|
| 001 | 000009870 | ||
| 005 | 20200929161736.0 | ||
| 008 | 770823s1975 ve f000 1 spa | ||
| 040 |
_aDO-SdBNP _cDLC _dDLC |
||
| 050 | 0 | 0 |
_aPQ8549.T64 _bE6 vol. 2 |
| 082 |
_annn _bT716p |
||
| 100 | 1 |
_aTosta García, Francisco, _d1852-1921. _918056 |
|
| 245 | 1 | 3 |
_aLa patria boba / _cFrancisco Tosta García. |
| 260 |
_aCaracas : _bOficina Central de Información, _c1975. |
||
| 300 |
_a310 p. ; _c18 cm. |
||
| 490 | 1 |
_aEpisodios venezolanos _v2 |
|
| 651 | 0 |
_aVenezuela _xHistory _yWar of Independence, 1810-1823 _xFiction. _918061 |
|
| 830 | 0 |
_aEpisodios venezolanos ; _v2 _918058 |
|
| 910 | _aCatalogación por copia / LC | ||
| 049 | _aBNGR | ||
| 999 |
_c9629 _d9629 |
||